Globalizácia spoločensko-ekonomického pohybu v treťom tisícročí

Globalizácia ovplyvňuje výrobu a obchod, čo spätne rozvíja globalizáciu. Vplyv globalizácie na maloobchod. Tendencie rozvoja maloobchodu v podmienkach globalizácie. Rozvojové tendencie obchodu a maloobchodu na počiatku 21. storočia. Prioritou globálneho maloobchodu bude rast predaja potravín.

Salvato in:
Dettagli Bibliografici
Autore principale: Konštiak, Pavol
Natura: Capitolo di libro
Lingua:slovacco
Soggetti:
Tags: Aggiungi Tag
Nessun Tag, puoi essere il primo ad aggiungerne!!

MARC

LEADER 00000naa$a2200000$$$4500
001 0090757
005 20240502072020.1
041 0 |a slo 
044 |a SK 
245 1 0 |a Globalizácia spoločensko-ekonomického pohybu v treťom tisícročí  |c Pavol Konštiak 
520 |a Globalizácia ovplyvňuje výrobu a obchod, čo spätne rozvíja globalizáciu. Vplyv globalizácie na maloobchod. Tendencie rozvoja maloobchodu v podmienkach globalizácie. Rozvojové tendencie obchodu a maloobchodu na počiatku 21. storočia. Prioritou globálneho maloobchodu bude rast predaja potravín. 
610 2 0 |a globalizácia 
610 2 0 |a výroba 
610 2 0 |a obchod 
610 2 0 |a maloobchod 
610 2 0 |a predaj 
610 2 0 |a potraviny 
100 1 |a Konštiak, Pavol